banner-ar

LES ART, DE L'ORIENT ET DE L'EXTREME - ORIENT / (Record no. 22369)

MARC details
000 -الفاتح
حقل البيانات ثابتة الطول 00594nam a2200229Ia 4500
005 - وقت وتاريخ اخر تعامل مع التسجيلة
رقم الضبط 20240530100913.0
008 - عناصر البيانات ثابتة الطول - معلومات عامة
حقل البيانات ثابتة الطول 140319s9999 xx 000 0 eng d
040 ## - مصدر الفهرسة
وكالة الفهرسة الأصلية GCL /
وكالة النسخ GCL
082 04 - رقم تصنيف ديوى العشرى
رقم التصنيف 709.5
رقم المادة U A
100 1# - المدخل الرئيسى - إسم شخصى
الإسم الشخصى UPJOHN, EVERARD M.
245 10 - بيان العنوان
العنوان LES ART, DE L'ORIENT ET DE L'EXTREME - ORIENT /
بيان المسئوليه,etc UPJOHN, EVERARD M.
260 ## - PUBLICATION, DISTRIBUTION, ETC. (IMPRINT)
تاريخ النشر أو التوزيع 1966
300 ## - الوصف المادى
التعداد 260 P:
تفاصيل ماديه اخرى للوعاء pictures ;
أبعاد الوعاء 19 cm
650 04 - المدخل الاضافى بالموضوع-مصطلح موضوعى
مصطلح موضوعي نجد
650 04 - المدخل الاضافى بالموضوع-مصطلح موضوعى
مصطلح موضوعي ARTS
650 04 - المدخل الاضافى بالموضوع-مصطلح موضوعى
مصطلح موضوعي JAPAN
650 04 - المدخل الاضافى بالموضوع-مصطلح موضوعى
مصطلح موضوعي CHINA
650 04 - المدخل الاضافى بالموضوع-مصطلح موضوعى
مصطلح موضوعي INDIA
700 1# - المدخل الاضافى - اسم شخصى
الإسم الشخصى WINGERT, PAUL S.
942 ## - عناصر المدخل الإضافي( كوها)
مصدر التصنيف او مخطط الترفيف Dewey Decimal Classification
Koha [default] item type كتاب
260 ## - PUBLICATION, DISTRIBUTION, ETC. (IMPRINT)
-- new york :
-- oxford university ،
Holdings
حالة التراجع حالة الفقد حالة تلف ليس للاعارة المكان المؤقت الموقع الحالى تاريخ الاكتساب اجمالي اﻻعارات رقم الطلب الباركود تاريخ اخر مشاهدة تاريخ تفعيل السعر نوع وعاء كوها
        مكتبة القاهرة الكبرى مكتبة القاهرة الكبرى 03/26/2014   709.5\U A 40636 03/26/2014 03/26/2014 كتاب

Powered By

EGPV